000 01215nam0a2200301 4500
001 RU\NLR\bibl\1684612
005 20260406082433.0
010 _a978-5-377-04740-8
_950000
021 _aRU
_b2010-66473
_94367
021 _aRU
_b2010-66472
_94367
035 _a(NLR Aleph) 001675790
090 _a1070092
_c1070092
100 _a20101008d2011 |||y0rusy50 ca
101 0 _arus
102 _aRU
105 _ay |||||||||
200 1 _aМатематика: практикум по выполнению типовых тестовых заданий ЕГЭ: учебно-методическое пособие
210 _aМосква
_cЭкзамен
_d2011
215 _d29
225 1 _aЕГЭ 2011. Практикум
700 1 _4070
_7ca
_8rus
_aЛаппо
_bЛ. Д.
_gЛев Дмитриевич
_930663
_3RU\NLR\AUTH\7747728
701 1 _4070
_7ca
_8rus
_aПопов
_bМ. А.
_cпедагог-методист
_gМаксим Александрович
_913053
_3RU\NLR\AUTH\7730026
801 0 _aRU
_bNLR
_c20101008
_gRCR
801 1 _aRU
_bNLR
_c20101008
942 _cBOOK
980 _aNB